000 00814cam a22002414a 4500
001 13935221
005 20180223082118.0
008 050419s2006 njua b 001 0 eng
010 _a 2005010862
020 _a0130992410 (pbk.)
040 _aDLC
_cDLC
_dDLC
041 _aeng
042 _apcc
080 _a649.122 WIT
082 0 0 _a649.122 WIT
_222
100 1 _a25
101 _aEDU
245 1 0 _aInfant and toddler development and responsive program planning :
_cDonna S. Wittmer, Sandra H. Petersen.
504 _aIncludes bibliographical references (p. 389-412) and indexes.
906 _a7
_bcbc
_corignew
_d1
_eecip
_f20
_gy-gencatlg
942 _2ddc
_cBK
999 _c43303
_d43303